[Event "POR-ch U18"]
[Site "Luso"]
[Date "2017.04.11"]
[Round "6"]
[White "Santos, Pedro Andre Simoes"]
[Black "Vedor, Bernardo Marques"]
[Result "1-0"]
[WhiteElo "1522"]
[BlackElo "1657"]
[PlyCount "55"]
[EventDate "2017.04.08"]
[EventType "swiss"]
[EventRounds "7"]
[EventCountry "POR"]
[SourceTitle "EXT 2018"]
[Source "ChessBase"]
[SourceDate "2017.10.13"]
[SourceVersion "1"]
[SourceVersionDate "2017.10.13"]
[SourceQuality "1"]

1. c4 e6 2. Nc3 Nf6 3. Nf3 d5 4. d4 Bb4 5. e3 0-0 6. Bd2 Nbd7 7. a3 Bxc3 8. Bxc3 a6 9. c5 b6 10. cxb6 Nxb6 11. Ne5 a5 12. Bd3 Qd6 13. Rc1 Nbd7 14. Nxd7 Bxd7 15. 0-0 Rfb8 16. f3 Bb5 17. Bxb5 Rxb5 18. Qa4 Qd7 19. b4 Ne8 20. Bd2 Rab8 21. bxa5 Nd6 22. Bb4 Nc4 23. Rfe1 c6 24. Rc3 Qa7 25. Rec1 Nxe3 26. Rxc6 Qxd4 27. Rc8+ Rxc8 28. Rxc8# 1-0

[Event "POR-ch U18"]
[Site "Luso"]
[Date "2017.04.10"]
[Round "4"]
[White "Vedor, Bernardo Marques"]
[Black "Goncalves, Goncalo Cravo Jesus"]
[Result "1/2-1/2"]
[WhiteElo "1657"]
[BlackElo "1646"]
[PlyCount "102"]
[EventDate "2017.04.08"]
[EventType "swiss"]
[EventRounds "7"]
[EventCountry "POR"]
[SourceTitle "EXT 2018"]
[Source "ChessBase"]
[SourceDate "2017.10.13"]
[SourceVersion "1"]
[SourceVersionDate "2017.10.13"]
[SourceQuality "1"]

1. e4 c5 2. Nf3 Nc6 3. d4 cxd4 4. Nxd4 Nf6 5. Nc3 d6 6. f3 e6 7. Be3 Be7 8. Qd2 a6 9. 0-0-0 Qc7 10. Kb1 0-0 11. g4 Nxd4 12. Bxd4 b5 13. Bxf6 gxf6 14. Rg1 Kh8 15. Rg3 Qc5 16. h4 Rg8 17. Bd3 Bd7 18. Rh1 f5 19. exf5 exf5 20. g5 d5 21. h5 d4 22. Ne2 f4 23. Qxf4 Bxg5 24. Qxd4+ Qxd4 25. Nxd4 Bf6 26. Rxg8+ Rxg8 27. c3 Rg5 28. Kc2 Rg2+ 29. Kb3 Rd2 30. Bf5 Rxd4 31. cxd4 Bxf5 32. Rd1 Bd7 33. Kb4 Kg8 34. Kc5 Kf8 35. b3 Ke7 36. Re1+ Kd8 37. d5 a5 38. Kb6 Bd4+ 39. Kb7 Bc8+ 40. Kc6 Bd7+ 41. Kd6 Bc3 42. Rg1 Bb4+ 43. Ke5 Ke7 44. Rc1 Bd6+ 45. Ke4 Kf6 46. Rg1 Bf5+ 47. Kd4 Ke7 48. Re1+ Kd8 49. Rc1 Bd7 50. Rg1 Ke7 51. Rg7 Bf5 1/2-1/2